00321nam a2200109Ia 4500008004000000082001700040100001900057245007600076250000500152260004200157300001200199210210b1988 xxu||||| |||| 00| 0 eng d a338.954 DHII aDHINGRA (I C). aIndian economics: resources planning development and problems. Rev Ed 5 a aNew DelhibSultan Chand & Sonsc1988 axvi,909